Նելսոն Ստեփանյան : (Record no. 362898)
[ view plain ]
| 000 -LEADER | |
|---|---|
| fixed length control field | 01220nam a2200277 a 4500 |
| 001 - CONTROL NUMBER | |
| control field | 001130049 |
| 003 - CONTROL NUMBER IDENTIFIER | |
| control field | AM-YeHGA |
| 005 - DATE AND TIME OF LATEST TRANSACTION | |
| control field | 20260325093832.0 |
| 008 - FIXED-LENGTH DATA ELEMENTS--GENERAL INFORMATION | |
| fixed length control field | 140506s2015 ai r 000 0 arm d |
| 020 ## - INTERNATIONAL STANDARD BOOK NUMBER | |
| International Standard Book Number | 9789939860107 |
| 040 ## - CATALOGING SOURCE | |
| Original cataloging agency | AM-YeHGA |
| 041 0# - LANGUAGE CODE | |
| Language code of text/sound track or separate title | arm |
| 041 0# - LANGUAGE CODE | |
| Language code of text/sound track or separate title | rus |
| 245 00 - TITLE STATEMENT | |
| Title | Նելսոն Ստեփանյան : |
| Remainder of title | [Հոդվածների ժողովածու] / |
| Statement of responsibility, etc. | ՀՀ ԳԱԱ, Պատմ. ին-տ. |
| 246 14 - VARYING FORM OF TITLE | |
| Title proper/short title | Нельсон Степанян : |
| Remainder of title | [Сборник статей] |
| 260 ## - PUBLICATION, DISTRIBUTION, ETC. | |
| Place of publication, distribution, etc. | Երևան : |
| Name of publisher, distributor, etc. | Պատմության ինստիտուտ, |
| Date of publication, distribution, etc. | 2015. |
| 300 ## - PHYSICAL DESCRIPTION | |
| Extent | 164 էջ : |
| Other physical details | նկ. ; |
| Dimensions | 21 սմ. |
| 440 #0 - SERIES STATEMENT/ADDED ENTRY--TITLE | |
| Title | Մեսրոպ Արք. Աշճեան մատենաշար |
| Volume/sequential designation | 122 |
| 600 14 - SUBJECT ADDED ENTRY--PERSONAL NAME | |
| Personal name | Ստեփանյան, Նելսոն |
| 650 14 - SUBJECT ADDED ENTRY--TOPICAL TERM | |
| Topical term or geographic name entry element | Հայ ժողովրդի պատմություն |
| General subdivision | Հայրենական մեծ պատերազմի հայ հերոսներ |
| 650 14 - SUBJECT ADDED ENTRY--TOPICAL TERM | |
| Topical term or geographic name entry element | Հայրենական մեծ պատերազմ |
| 9 (RLIN) | 887 |
| 710 2# - ADDED ENTRY--CORPORATE NAME | |
| Corporate name or jurisdiction name as entry element | ՀՀ Գիտությունների ազգային ակադեմիա |
| 710 2# - ADDED ENTRY--CORPORATE NAME | |
| Corporate name or jurisdiction name as entry element | Պատմության ինստիտուտ ՀՀ ԳԱԱ |
| 856 41 - ELECTRONIC LOCATION AND ACCESS | |
| Uniform Resource Identifier | <a href="https://arar.sci.am/dlibra/publication/461467/edition/428244/content">https://arar.sci.am/dlibra/publication/461467/edition/428244/content</a> |
| Link text | Կարդալ առցանց |
| 942 ## - ADDED ENTRY ELEMENTS (KOHA) | |
| Source of classification or shelving scheme | Universal Decimal Classification |
| Koha item type | Գրքեր / Books |
| Withdrawn status | Lost status | Damaged status | Not for loan | Collection | Home library | Current library | Date acquired | Cost, normal purchase price | Shelving control number | Total checkouts | Full call number | Barcode | Date last seen | Price effective from | Koha item type | Public note | Source of classification or shelving scheme | Date last checked out |
|---|---|---|---|---|---|---|---|---|---|---|---|---|---|---|---|---|---|---|
| General | Fundamental Scientific Library | Fundamental Scientific Library | 11/01/2017 | 2000.00 | AII/101316 | FL0389665 | 11/01/2017 | 11/01/2017 | Գրքեր / Books | 30 Days Loan | ||||||||
| General | Fundamental Scientific Library | Fundamental Scientific Library | 09/11/2017 | 1 | AII/102896 | FL0465867 | 25/10/2019 | 09/11/2017 | Գրքեր / Books | 30 Days Loan | Universal Decimal Classification | 25/10/2019 | ||||||
| General | Fundamental Scientific Library | Fundamental Scientific Library | 09/12/2019 | 19 | AII/105504 | FL0613624 | 04/03/2020 | 09/12/2019 | Գրքեր / Books | 30 Days Loan | Universal Decimal Classification | 04/03/2020 | ||||||
| General | Fundamental Scientific Library | Fundamental Scientific Library | 09/12/2019 | AII/105514 | FL0613649 | 09/12/2019 | 09/12/2019 | Գրքեր / Books | 30 Days Loan | Universal Decimal Classification |
ՀՀ Գիտությունների ազգային ակադեմիայի հիմնարար գիտական գրադարան = Fundamental Scientific Library of NAS RA
All site content, except where otherwise noted, is licensed under a